Регионална библиотека "Любен Каравелов" - Русе

Зак (Запис номер 189423)

MARC детайли
000 -Лидер
Контролно поле с фиксирана дължина 01631nam a2200397 c 4500
003 - Код на организацията, давaща контролен номер
Контролно поле BLK
005 - Дата и час на последна редакция
Контролно поле 20250423100544.0
008 - Елементи от данни с фиксирана дължина
fixed length control field 180411b bul|||||r ||||||| ||bul||
010 ## - Наследен системен номер
LC control number KNG00198466000
020 ## - Международен стандартен номер на книга ISBN
Международен стандартен номер на книга ISBN 978-619-165-058-3
-- издат.: Ергон - на том(кн. 1)
040 ## - Източник на каталожния запис
Идентификатор на билиотеката - собственик на записа BLK
041 ## - Код за език
Код за езика на текст/звукозапис или на отделно заглавие Български
Код за езика КДБФ Български
072 #7 - Код за тематичната категория
Код организация bullib
Код за тематична категория Н8301
Текст Трилъри Н
080 ## - УДК
Текстов определител УДК Шведска литература
УДК код - определител по УДК 821.113.6
УДК определител -312.4
УДК - код + определител 821.113.6-312.4
100 1# - Редна дума - Автор
Автор Калентофт, Монс
Авторска отговорност първи автор
R(LIN) 75194
139 ## - Редно поле
Редна дума Калентофт, Монс и др.
Авторски знак Кал - К 16
245 10 - Сведения за заглавието
Заглавие Зак
Подзаглавни данни Роман : Кн. 1 -
Редно поле (дума) Монс Калентофт; съавт. Маркус Лутеман; прев. от швед. Диана Христова Райкова.
Том Кн. 1
257 ## - Страна на издаване
Страна на създаване/издаване Швейцария
260 ## - Област на издателските данни
-- София
Година на издаване 2016 -
Печатница София : Инвестпрес
300 ## - Физическа характеристика
Размери/Мащаб 20 см
380 ## - Жанр
Жанр Худож. лит.
490 1# - СЕРИИ (Колекции)
Име на серия Библиотека Трилъри
500 ## - Общи забележки
Забележка Ориг. загл. Zack / Mons Kallentoft Marcus Lutteman.
653 ## - Ключова дума – ненормативна
Ключова дума трилъри
653 ## - Ключова дума – ненормативна
Ключова дума романи
659 ## - Тематичен бюлетин
Тематичен бюлетин Н
700 1# - Други автори (авторска отговорност)
Лично име Лутеман, Маркус
Автороска отговорност (Описва отношението между автора и произведението) съавт.
9 (RLIN) 89978
700 1# - Други автори (авторска отговорност)
Лично име Райкова, Диана Христова
Автороска отговорност (Описва отношението между автора и произведението) прев. от швед.
9 (RLIN) 368973
760 1# - Описание на основната серия
-- - на том(кн. 1)
Редна дума на основното описание Калентофт, Монс
Място на издаване, издател и година Ергон, 2016
Страници - том 384 с.
Заглавие Кн. 1
852 ## - Местоположение
Форматна сигнатура Цб 283652
856 4# - Електронен адрес и достъп
Електронен формат pdf - файл
Път до файла /url/
856 4# - Електронен адрес и достъп
Електронен формат pdf - файл
Път до файла /url/
942 ## - АРТИКУЛИ
Вид на библиотечния материал Книги
Скрит в OPAC Не
Koha issues (borrowed), all copies 19
944 ## - СЪЗДАВАНЕ И РЕДАКЦИЯ на ЗАПИСА
Създаване/Редакция Създаване
Дата на регистрацията/редакция 17.12.2016
Статус, дата на статуса Мартин Енчев
Служител, извършил регистрацията/редакцията 30575
944 ## - СЪЗДАВАНЕ И РЕДАКЦИЯ на ЗАПИСА
Създаване/Редакция Редакция
Дата на регистрацията/редакция 05.01.2017
Статус, дата на статуса ф /
Служител, извършил регистрацията/редакцията Людмила_Стоянова
999 ## - СИСТЕМНИ КОНТРОЛНИ НОМЕРА
Koha biblionumber 189423
Koha biblioitemnumber 189423
Наличности
Код за отписване Код за изгубен артикул Код за повреда Коз за рестрикции Код за отдаване Артикулен № Име на библиотеката - собственик Име на библиотеката, в която се намира в момента Статус (Текущо местоположение) Дата на вписване в системата Местоположение - отдел Цена в лева Инвентарен номер Систематично азбучна сигнатура Баркод Номер на екземпляра Цена в евро Служебна бележка Служебен тип на артикула Източник на класификационната схема
  Не е изгубен Не е повреден без рестрикции заемане за дома 333286 Регионална библиотека "Любен Каравелов" Русе Регионална библиотека "Любен Каравелов" Русе Заемна - подръчен фонд 2016-12-21 Заемна - подръчен фонд 16.99 120000807074 П 839-31/К 16 120000807074 1 8.69 Дост: Pk Вид: Ф N: 475 Дата: 19.12.2016 Книги  
  Не е изгубен Не е повреден   ползва се в читалня 754359 Регионална библиотека "Любен Каравелов" Русе Регионална библиотека "Любен Каравелов" Русе Хранилище 2020-01-21 Хранилище 16.99   Цб 297525 120000841167   8.69   Книги Universal Decimal Classification
Vip Innovations Ltd, Rousse, Bulgaria 2025